| 000 | 00467nam a22001697a 4500 | ||
|---|---|---|---|
| 005 | 20260428122317.0 | ||
| 008 | 260428b |||||||| |||| 00| 0 eng d | ||
| 020 | _a9781464103926 | ||
| 050 |
_aHB172.5 _b.K78 |
||
| 100 | _aKrugman Paul, Wells Robin | ||
| 245 |
_aMacroeconomics _cby Krugman Paul, Wells Robin |
||
| 250 | _a3rd edi | ||
| 260 |
_aNew York _bWorth Publishers _cc2012 |
||
| 300 |
_axxxii,270p. _bill,col |
||
| 500 | _aIncludes index | ||
| 942 |
_2lcc _cBK _n0 |
||
| 999 |
_c9700 _d9700 |
||